[Event "Flint (MI Coll/4)"]
[Site "?"]
[Date "1994.??.??"]
[Round "?"]
[White "Brewer, M."]
[Black "Miller, Dan"]
[Result "0-1"]
[WhiteElo "1605"]
[BlackElo "1670"]
[PlyCount "138"]
[EventDate "1994.??.??"]

1. d4 d5 2. e4 e6 3. Nc3 Nc6 4. Nf3 Bb4 5. Bd3 Nf6 6. Bg5 O-O 7. e5 h6 8. Bxf6
gxf6 9. Qd2 Kg7 10. O-O Rh8 11. Qf4 f5 12. Ne2 Be7 13. h4 Kf8 14. Kh2 Ke8 15.
Rh1 Bg5 16. Qg3 Be7 17. Qg7 Kd7 18. Qxf7 Qf8 19. Qh5 Kd8 20. Nf4 Bd7 21. Nd2
Nxd4 22. c3 Nc6 23. Qe2 Qg7 24. Nf3 Rg8 25. g3 a6 26. Rag1 Qf7 27. Kg2 Be8 28.
Re1 Kd7 29. Kf1 Rd8 30. a4 Kc8 31. b4 Na7 32. b5 axb5 33. axb5 Bc5 34. Ra1 Kb8
35. Kg2 c6 36. Rhb1 cxb5 37. Bxb5 Bxb5 38. Rxb5 Nxb5 39. Qxb5 Rc8 40. Qa5 Rge8
41. Nd3 Qe7 42. Nd4 Bxd4 43. cxd4 Qd7 44. Nc5 Rxc5 45. Qa7+ Kc7 46. Qxc5+ Qc6
47. Qa5+ Kd7 48. Qd2 Rh8 49. Rc1 Qb6 50. f3 h5 51. Qg5 Qb2+ 52. Kh3 Rh7 53. Qe3
b5 54. Rc3 Qb4 55. Rb3 Qc4 56. g4 fxg4+ 57. fxg4 Qf1+ 58. Kg3 Rg7 59. g5 Kc6
60. Rc3+ Kb6 61. Rc8 Kb7 62. Qc3 Qg1+ 63. Kh3 Qg4+ 64. Kh2 Qxh4+ 65. Kg2 Rxg5+
66. Kf1 Qh1+ 67. Ke2 Rg2+ 68. Kf3 Qh3+ 69. Kf4 Rg4# 0-1

[Event "Detroit (Beg/4/11)"]
[Site "?"]
[Date "1994.??.??"]
[Round "?"]
[White "Brem, E."]
[Black "Townsend, D."]
[Result "0-1"]
[WhiteElo "1605"]
[BlackElo "1605"]
[PlyCount "96"]
[EventDate "1994.??.??"]

{4/(11)} 1. e4 e5 2. Nf3 Nc6 3. Bb5 d5 4. O-O dxe4 5. Ne1 Bd6 6. Nc3 Bf5 7. d3
Bc5 8. Qe2 Nf6 9. Nxe4 Bg4 10. Qd2 Qd4 11. Nxc5 Qxc5 12. Ba4 O-O-O 13. a3 Ne4
14. Qe3 Qxe3 15. Bxe3 Be2 16. Bb3 Nd4 17. Bxf7 Rhf8 18. Bc4 Bxf1 19. Kxf1 Nd2+
20. Bxd2 Rf5 21. Bc3 Rdf8 22. h3 Rxf2+ 23. Kg1 h5 24. Bxd4 exd4 25. Nf3 Rxc2
26. Be6+ Kd8 27. Nxd4 Rc5 28. b4 Rg5 29. Ne2 Re5 30. Nd4 g5 31. a4 Rh8 32. Ra2
Re3 33. Ra3 g4 34. Rc3 g3 35. Nf3 Rxe6 36. Rc1 Rhe8 37. d4 Rd6 38. b5 Re2 39.
a5 Rf2 40. Nh2 Re6 41. d5 Ree2 42. d6 gxh2+ 43. Kxh2 Rxg2+ 44. Kh1 Rg3 45. b6
axb6 46. axb6 cxb6 47. d7 Kxd7 48. h4 Rh3+ {[Remainder illegible; 0-1, 61?]}
0-1

[Event "Detroit (Beg/1/14)"]
[Site "?"]
[Date "1994.??.??"]
[Round "?"]
[White "Brem, E."]
[Black "Sloan, M."]
[Result "1-0"]
[WhiteElo "1605"]
[BlackElo "1605"]
[PlyCount "59"]
[EventDate "1994.??.??"]

{1/(14)} 1. d3 Nf6 2. Bd2 g6 3. Na3 Ne4 4. dxe4 g5 5. c3 Bh6 6. e3 f6 7. Be2
O-O 8. Nh3 Nc6 9. O-O b6 10. b3 Ba6 11. Bxa6 g4 12. Nf4 Qc8 13. Bxc8 Rfxc8 14.
Nd3 e6 15. c4 a6 16. Nc2 Kf8 17. a4 Bg5 18. b4 Ra7 19. b5 Bh6 20. bxc6 dxc6 21.
f3 e5 22. fxg4 Bxe3+ 23. Bxe3 Rd8 24. Ra3 Rd6 25. c5 Rd4 26. Bxd4 a5 27. g5 Ke8
28. gxf6 Ra6 29. f7+ Kd8 30. f8=Q+ 1-0

[Event "Grand Rapids (MI Am/2/15)"]
[Site "?"]
[Date "1994.??.??"]
[Round "?"]
[White "Brelitch, D."]
[Black "Townsend, Paul"]
[Result "0-1"]
[WhiteElo "1605"]
[BlackElo "1830"]
[PlyCount "108"]
[EventDate "1994.??.??"]

{2/(15)} 1. Nf3 Nf6 2. g3 g6 3. Bg2 Bg7 4. O-O d5 5. Nc3 O-O 6. d3 Re8 7. Bg5
e5 8. Bxf6 Bxf6 9. e4 d4 10. Nd5 c6 11. Nxf6+ Qxf6 12. Qd2 Bg4 13. Qe2 Nd7 14.
c3 dxc3 15. bxc3 Rad8 16. Rab1 b6 17. Qe3 Nc5 18. Rfd1 Bxf3 19. Bxf3 Qe6 20.
Rd2 Rd6 21. d4 exd4 22. cxd4 Nxe4 23. Bxe4 Qxe4 24. Qxe4 Rxe4 25. Rbd1 Kg7 26.
f3 Re7 27. d5 Red7 28. Rc2 cxd5 29. Rd4 f5 30. f4 Kf7 31. Kf2 Ke7 32. Re2+ Re6
33. Red2 Rc6 34. a3 Rc5 35. Re2+ Kd6 36. h3 Re7 37. Red2 Re4 38. Rxe4 fxe4 39.
Rd4 Rc2+ 40. Kf1 Kc5 41. Rd1 e3 42. Re1 d4 43. g4 Kd5 44. f5 gxf5 45. gxf5 Ke5
46. f6 Kxf6 47. Re2 Rxe2 48. Kxe2 Ke5 49. Kd3 Kf4 50. Ke2 Ke4 51. Kd1 d3 52.
Ke1 Kf3 53. Kd1 e2+ 54. Ke1 Ke3 0-1

[Event "Grand Rapids (MI Am/3/21)"]
[Site "?"]
[Date "1994.??.??"]
[Round "?"]
[White "Brelitch, D."]
[Black "Scriber, Darin"]
[Result "1-0"]
[WhiteElo "1605"]
[BlackElo "1670"]
[PlyCount "41"]
[EventDate "1994.??.??"]

{3/(21)} 1. Nf3 Nf6 2. g3 d5 3. Bg2 e6 4. O-O c5 5. d3 Nc6 6. Nbd2 Be7 7. c4 d4
8. Nb3 O-O 9. Bg5 Nd7 10. Bxe7 Qxe7 11. Qd2 e5 12. e3 dxe3 13. Qxe3 Re8 14.
Rfe1 Rb8 15. a4 f6 16. Nh4 Qe6 17. Nxc5 Nb4 18. Nxe6 Rxe6 19. Bd5 Nxd5 20. cxd5
Rd6 21. Nf5 1-0

[Event "Grand Rapids (MI Am/4/16)"]
[Site "?"]
[Date "1994.??.??"]
[Round "?"]
[White "Brelitch, D."]
[Black "Emke, Robert"]
[Result "1/2-1/2"]
[WhiteElo "1605"]
[BlackElo "1845"]
[PlyCount "58"]
[EventDate "1994.??.??"]

{4/(16)} 1. Nf3 d5 2. g3 Nf6 3. Bg2 e6 4. O-O c5 5. d3 Nc6 6. Nbd2 Be7 7. c4 d4
8. Nb3 Qc7 9. Bg5 b6 10. Ne5 Bb7 11. Nf3 e5 12. Qd2 h6 13. Bxf6 Bxf6 14. e3 O-O
15. exd4 exd4 16. Rfe1 Rfe8 17. Re2 Re7 18. Rxe7 Qxe7 19. Re1 Qd7 20. Qe2 Kf8
21. a3 Re8 22. Bh3 Rxe2 23. Bxd7 Rxe1+ 24. Nxe1 Ne5 25. Bh3 Nf3+ 26. Nxf3 Bxf3
27. Bg2 Bxg2 28. Kxg2 Be7 29. Nc1 g5 1/2-1/2

[Event "Detroit (MI Op/6/27)"]
[Site "?"]
[Date "1994.??.??"]
[Round "?"]
[White "Brattin, Vincent"]
[Black "Walker, LeRoy"]
[Result "1-0"]
[WhiteElo "1965"]
[BlackElo "1880"]
[PlyCount "60"]
[EventDate "1994.??.??"]

{6/(27)} 1. e4 e6 2. Bb5 a6 3. Ba4 c5 4. c3 Qc7 5. Ne2 Nf6 6. f3 Bd6 7. d4 Bxh2
8. e5 Bxe5 9. dxe5 Qxe5 10. Bf4 Qd5 11. Qxd5 Nxd5 12. Bd6 b5 13. Bc2 Bb7 14.
Bxc5 f5 15. Nd2 Nc6 16. O-O-O O-O-O 17. Bd6 g5 18. Rh5 Ne3 19. Rdh1 Nc4 20.
Nxc4 bxc4 21. Rxh7 Rxh7 22. Rxh7 Rg8 23. f4 g4 24. g3 a5 25. Ba4 Rd8 26. Bxc6
Bxc6 27. Nd4 Bd5 28. b3 a4 29. bxa4 Kb7 30. Kb2 Kc8 $138 1-0

[Event "Grand Rapids (MI Am/1/1)"]
[Site "?"]
[Date "1994.??.??"]
[Round "?"]
[White "Brattin, Vincent"]
[Black "Reist, Douglas"]
[Result "1-0"]
[WhiteElo "1965"]
[BlackElo "1605"]
[PlyCount "83"]
[EventDate "1994.??.??"]

{1/(1)} 1. e4 c5 2. g3 e6 3. Bg2 Nc6 4. Nc3 d6 5. Nge2 a6 6. a4 Be7 7. O-O Nf6
8. d4 cxd4 9. Nxd4 Nxd4 10. Qxd4 O-O 11. Rd1 Qc7 12. Be3 e5 13. Qd2 Be6 14. a5
Qc6 15. Nd5 Bxd5 16. exd5 Qd7 17. c4 Qf5 18. b4 Ng4 19. Bb6 Rfc8 20. Qe2 Bd8
21. Bh3 h5 22. f3 Bxb6+ 23. axb6 Rxc4 24. Qxc4 Qxf3 25. Bxg4 hxg4 26. Rd3 Qf5
27. Rc3 Qf6 28. Qc7 e4 29. Rf1 Qd4+ 30. Rf2 Qxd5 31. Qc4 Qxc4 32. Rxc4 d5 33.
Rc7 d4 34. Rfxf7 e3 35. Rxg7+ Kf8 36. Rgd7 e2 37. Kf2 Re8 38. Rf7+ Kg8 39. Rg7+
Kh8 40. Rge7 Rxe7 41. Rxe7 d3 42. Rxb7 1-0

[Event "Romulus (RVO/1/12)"]
[Site "?"]
[Date "1994.??.??"]
[Round "?"]
[White "Brattin, Vincent"]
[Black "Miller, J."]
[Result "1-0"]
[WhiteElo "1945"]
[BlackElo "1605"]
[PlyCount "79"]
[EventDate "1994.??.??"]

{1/(12)} 1. e4 e6 2. Bb5 c6 3. Ba4 d5 4. exd5 exd5 5. Ne2 Bd6 6. d4 Nf6 7. Bf4
Be6 8. O-O O-O 9. c3 Re8 10. Bc2 Qc7 11. Bxd6 Qxd6 12. f3 Nbd7 13. Qd3 Re7 14.
Ng3 g6 15. Nd2 Rae8 16. b3 Nf8 17. Rf2 Bd7 18. Ndf1 Ne6 19. Ne2 Nf4 20. Nxf4
Qxf4 21. Qd2 Qxd2 22. Rxd2 Nh5 23. g3 Bh3 24. Kf2 Bxf1 25. Rxf1 Re3 26. Bd3
R8e6 27. Re2 Rxd3 28. Rxe6 fxe6 29. Ke2 Rxc3 30. Kd2 Rxb3 31. axb3 Kf7 32. Ra1
a6 33. Kc3 Ke7 34. Kb4 Kd6 35. Ka5 Kc7 36. Re1 Ng7 37. g4 b5 38. Kxa6 Kd6 39.
Kb6 Ne8 40. Rc1 1-0

[Event "Detroit (MI Op/4/23)"]
[Site "?"]
[Date "1994.??.??"]
[Round "?"]
[White "Brattin, Vincent"]
[Black "McCarter, Robert"]
[Result "0-1"]
[WhiteElo "1965"]
[BlackElo "1735"]
[PlyCount "78"]
[EventDate "1994.??.??"]

{4/(23)} 1. e4 c5 2. g3 g6 3. Bg2 Bg7 4. Ne2 Nc6 5. Nbc3 a6 6. O-O e6 7. d3 d6
8. Kh1 Nge7 9. Be3 O-O 10. Qd2 Nd4 11. Bg5 Qc7 12. Ng1 Rb8 13. Bxe7 Qxe7 14. f4
b5 15. Rae1 b4 16. Nd1 Qc7 17. Ne2 Nc6 18. g4 Ne7 19. Ng3 f5 20. exf5 exf5 21.
gxf5 Nxf5 22. Bd5+ Kh8 23. c4 Bb7 24. Be4 Nd4 25. b3 Rbd8 26. Qg2 Bc8 27. Ne3
Be6 28. Bd5 Bc8 29. h4 Rde8 30. h5 Qd7 31. Kh2 Bh6 32. hxg6 hxg6 33. f5 gxf5
34. Ngxf5 Nxf5 35. Nxf5 Rxe1 36. Rf3 Qh7 37. Nxh6 Rxf3 38. Qxf3 Qxh6+ 39. Kg3
Re3 0-1

[Event "Grand Rapids (MI Am/3/1)"]
[Site "?"]
[Date "1994.??.??"]
[Round "?"]
[White "Brattin, Vincent"]
[Black "Manion, Tom"]
[Result "0-1"]
[WhiteElo "1965"]
[BlackElo "1820"]
[PlyCount "82"]
[EventDate "1994.??.??"]

{3/(1)} 1. e4 Nf6 2. Nc3 d5 3. e5 Ne4 4. d4 Nxc3 5. bxc3 c5 6. Bb5+ Bd7 7.
Bxd7+ Nxd7 8. Ne2 e6 9. O-O Be7 10. Be3 O-O 11. Qd2 f6 12. f4 f5 13. c4 Nb6 14.
cxd5 Qxd5 15. Kh1 c4 16. Nc3 Qa5 17. Nb1 Bb4 18. c3 Be7 19. Qc2 Nd5 20. Bc1
Rac8 21. Rf3 b5 22. a4 a6 23. Ba3 b4 24. cxb4 Bxb4 25. Bxb4 Qxb4 26. Nc3 Qa5
27. Nxd5 Qxd5 28. Rd1 Rb8 29. Rc3 Rb4 30. h3 Rfb8 31. Rd2 Rb1+ 32. Kh2 R8b4 33.
Qa2 R1b3 34. Qa1 Qe4 35. Rxb3 Rxb3 36. Rf2 Qd3 37. Rf3 Qd2 38. Rxb3 cxb3 39.
Qf1 b2 40. Qb1 Qxf4+ 41. Kh1 Qc1+ 0-1

[Event "Romulus (RVO/3/9)"]
[Site "?"]
[Date "1994.??.??"]
[Round "?"]
[White "Brattin, Vincent"]
[Black "Griffin, John"]
[Result "1-0"]
[WhiteElo "1945"]
[BlackElo "1605"]
[PlyCount "75"]
[EventDate "1994.??.??"]

{3/(9)} 1. e4 c5 2. g3 g6 3. Bg2 Bg7 4. Ne2 Nc6 5. O-O e6 6. c4 Nge7 7. Nbc3
O-O 8. d3 d6 9. Rb1 Nd4 10. a3 Rb8 11. b4 Nxe2+ 12. Nxe2 Nc6 13. Be3 Nd4 14.
Nxd4 cxd4 15. Bd2 b6 16. b5 e5 17. f4 f6 18. f5 g5 19. Bb4 Rf7 20. Qh5 Rd7 21.
h4 Rbb7 22. hxg5 fxg5 23. Rf2 Qf6 24. Qe8+ Qf8 25. Qe6+ Qf7 26. Qxf7+ Kxf7 27.
f6 Bf8 28. Bf3 Rd8 29. Bh5+ Kg8 30. Rbf1 Be6 31. f7+ Kg7 32. Bd2 Rdd7 33. Bxg5
Bxf7 34. Bxf7 Rxf7 35. Bh6+ Kxh6 36. Rxf7 Be7 37. R1f6+ Bxf6 38. Rxb7 1-0

[Event "Detroit (MI Op/2/35)"]
[Site "?"]
[Date "1994.??.??"]
[Round "?"]
[White "Brattin, Vincent"]
[Black "Almquist, W."]
[Result "1-0"]
[WhiteElo "1965"]
[BlackElo "1875"]
[PlyCount "63"]
[EventDate "1994.??.??"]

{2/(35)} 1. e4 c5 2. g3 e6 3. Bg2 Nc6 4. Ne2 Nf6 5. O-O d5 6. exd5 Nxd5 7. Nbc3
Nxc3 8. dxc3 Qc7 9. Bf4 e5 10. Be3 Bf5 11. Nc1 Bd6 12. Nd3 Ne7 13. f4 exf4 14.
Nxf4 O-O 15. Nd5 Nxd5 16. Bxd5 Bh3 17. Rxf7 Rxf7 18. Qh5 g6 19. Qxh3 Kh8 20.
Bxf7 Qxf7 21. Bh6 c4 22. Rf1 Qd5 23. Qg2 Qxg2+ 24. Kxg2 Kg8 25. Rd1 Be7 26. Rd7
Bf6 27. Be3 Re8 28. Kf3 b5 29. Rxa7 b4 30. cxb4 Bxb2 31. b5 Ba3 32. Rxa3 1-0

[Event "Detroit (MI Op/6/31)"]
[Site "?"]
[Date "1994.??.??"]
[Round "?"]
[White "Brady, Lindell"]
[Black "Williams, Ron"]
[Result "0-1"]
[WhiteElo "1935"]
[BlackElo "1870"]
[PlyCount "64"]
[EventDate "1994.??.??"]

{6/(31)} 1. e4 c5 2. Nf3 Nc6 3. Bb5 Nd4 4. Bc4 e6 5. c3 Nxf3+ 6. Qxf3 Qf6 7.
Qe3 e5 8. O-O Bd6 9. Na3 a6 10. Nc2 Ne7 11. d4 cxd4 12. cxd4 b5 13. dxe5 Qxe5
14. f4 Qc5 15. e5 Nf5 16. Bxf7+ Kxf7 17. Qxc5 Bxc5+ 18. Kh1 h5 19. b4 Bb6 20.
Bb2 h4 21. h3 Ng3+ 22. Kh2 Nxf1+ 23. Rxf1 Bb7 24. f5 Rae8 25. f6 g6 26. Rd1 Bc6
27. Nd4 Bxd4 28. Bxd4 Rh5 29. Rd2 Rhxe5 30. Bxe5 Rxe5 31. Rd6 Re2 32. Kh1 Rxa2
0-1

[Event "Detroit (MI Op/1a/7)"]
[Site "?"]
[Date "1994.??.??"]
[Round "?"]
[White "Brady, Lindell"]
[Black "Finegold, Mark"]
[Result "0-1"]
[WhiteElo "1935"]
[BlackElo "2225"]
[PlyCount "98"]
[EventDate "1994.??.??"]

1. e4 c5 2. Nf3 Nc6 3. Bb5 g6 4. O-O Bg7 5. c3 Nf6 6. Re1 O-O 7. d4 cxd4 8.
cxd4 d5 9. e5 Ne4 10. Nbd2 Nxd2 11. Bxd2 Qb6 12. Bxc6 bxc6 13. Bc3 Bf5 14. Qd2
Rfc8 15. Bb4 Rcb8 16. Ba3 Rb7 17. Rac1 Bg4 18. Rc3 Bxf3 19. Rxf3 e6 20. Rb3 Qa6
21. Rxb7 Qxb7 22. Rc1 Bf8 23. Bxf8 Rxf8 24. Qc3 Rb8 25. Rc2 Qb4 26. b3 a5 27.
g3 a4 28. bxa4 Qxa4 29. Kg2 Rb4 30. Qxc6 Qxc6 31. Rxc6 Rxd4 32. Rc8+ Kg7 33.
Rc2 g5 34. f3 h5 35. h3 g4 36. hxg4 hxg4 37. f4 Kg6 38. Kf2 Rd3 39. Re2 Ra3 40.
Kg2 Kf5 41. Kf2 d4 42. Rd2 Rf3+ 43. Kg2 Ke4 44. Rb2 Rc3 45. Kf2 Kd3 46. Rb7
Rc2+ 47. Kg1 Ke2 48. Rxf7 d3 49. f5 d2 0-1

[Event "Detroit (MI Op/4/26)"]
[Site "?"]
[Date "1994.??.??"]
[Round "?"]
[White "Brady, Lindell"]
[Black "Davis, Michael"]
[Result "1-0"]
[WhiteElo "1935"]
[BlackElo "1710"]
[PlyCount "81"]
[EventDate "1994.??.??"]

{4/(26)} 1. e4 c5 2. Nf3 d6 3. Bb5+ Bd7 4. Bxd7+ Nxd7 5. O-O Ngf6 6. Re1 g6 7.
c3 Bg7 8. d4 O-O 9. e5 Ne8 10. e6 fxe6 11. Rxe6 Nc7 12. Re1 cxd4 13. cxd4 Nf6
14. Qb3+ d5 15. Qxb7 Ne4 16. Nc3 Nd6 17. Qb3 Nf5 18. Bg5 h6 19. Be3 e6 20. Qc2
Rc8 21. Qd3 Qd7 22. Ne2 Nb5 23. Rac1 Rxc1 24. Rxc1 Nbd6 25. Ne5 Bxe5 26. dxe5
Nc4 27. Rxc4 Qb5 28. Rc3 Qxd3 29. Rxd3 Rb8 30. b3 Rc8 31. g4 Nxe3 32. Rxe3 Rc2
33. Nf4 Kf7 34. Rf3 Rxa2 35. Nxd5+ Ke8 36. Nf6+ Kd8 37. Rd3+ Kc8 38. Ne4 Re2
39. Re3 Rxe3 40. fxe3 Kc7 41. Nc5 1-0

[Event "Detroit (WCO/1/16)"]
[Site "?"]
[Date "1994.??.??"]
[Round "?"]
[White "Boyle, John"]
[Black "Townsend, D."]
[Result "1-0"]
[WhiteElo "1605"]
[BlackElo "1605"]
[PlyCount "117"]
[EventDate "1994.??.??"]

{1/(16)} 1. d4 c6 2. e3 d5 3. Bd3 Be6 4. f4 Nh6 5. Nf3 Bf5 6. O-O e6 7. c3 Be7
8. Qe2 O-O 9. Nbd2 Nd7 10. Ne5 c5 11. Ndf3 c4 12. Bc2 f6 13. Bxf5 Nxf5 14. Nxd7
Qxd7 15. e4 Nd6 16. exd5 exd5 17. Re1 Ne4 18. Nd2 f5 19. Nxe4 fxe4 20. Qh5 Rf5
21. Qh3 Raf8 22. Re3 Qe8 23. Rg3 Rh5 24. Qg4 Bf6 25. Bd2 Rh4 26. Qf5 Bxd4+ 27.
Be3 Rxf5 28. Bxd4 Rfxf4 29. Rxg7+ Kf8 30. Rxb7 e3 31. Bxa7 e2 32. Rb8 Qxb8 33.
Bxb8 Rf1+ 34. Rxf1+ exf1=Q+ 35. Kxf1 Re4 36. a4 d4 37. cxd4 Rxd4 38. a5 Rd8 39.
Bc7 Ra8 40. Ke2 Ke7 41. Kd2 Kd7 42. Bb6 Kc6 43. Kc3 Kb5 44. h3 Re8 45. Kd2 Ra8
46. g4 Rf8 47. Ke3 Re8+ 48. Kd2 Rg8 49. Ke3 h5 50. gxh5 Rh8 51. Kf4 Rxh5 52.
Kg4 Rd5 53. h4 Rd2 54. h5 Rxb2 55. h6 Rh2 56. Kg5 c3 57. Be3 Kxa5 58. Kg6 Rh3
59. Bc1 1-0

[Event "Eastpointe (US Am N/5/23)"]
[Site "?"]
[Date "1994.??.??"]
[Round "?"]
[White "Boyle, John"]
[Black "Schey, Danny"]
[Result "0-1"]
[WhiteElo "1605"]
[BlackElo "1685"]
[PlyCount "98"]
[EventDate "1994.??.??"]

{5/(23)} 1. d4 Nf6 2. e3 g6 3. Bd3 Bg7 4. f4 c5 5. c3 b6 6. Nf3 Bb7 7. Nbd2 d6
8. O-O O-O 9. Qe1 Nbd7 10. Qh4 h5 11. e4 cxd4 12. cxd4 Rc8 13. e5 Ng4 14. Re1
dxe5 15. h3 Nh6 16. dxe5 Nc5 17. Bc4 Nf5 18. Qf2 e6 19. b3 Nd3 20. Bxd3 Qxd3
21. Ba3 Rfd8 22. Rad1 Rc2 23. Re2 Bxf3 24. gxf3 Rxa2 25. Bc1 Bf8 26. Kg2 Bc5
27. Qe1 Ne3+ 28. Rxe3 Qxe3 29. Qxe3 Bxe3 30. Kf1 Bxd2 31. b4 a5 32. bxa5 bxa5
33. h4 Ra1 34. Ke2 Rxc1 35. Rxd2 Rxd2+ 36. Kxd2 Rh1 37. Kc3 Rxh4 38. Kc4 Rxf4+
39. Kb3 h4 40. Ka3 h3 41. Ka2 h2 42. Ka3 h1=Q 43. Kb2 Qg2+ 44. Kb3 Rb4+ 45. Kc3
Qxf3+ 46. Kc2 a4 47. Kd2 Rb2+ 48. Kc1 Qc3+ 49. Kd1 Qd2# 0-1

[Event "Detroit (WCO/4/9)"]
[Site "?"]
[Date "1994.??.??"]
[Round "?"]
[White "Boyle, John"]
[Black "Ruelas, Erik"]
[Result "1/2-1/2"]
[WhiteElo "1605"]
[BlackElo "1605"]
[PlyCount "56"]
[EventDate "1994.??.??"]

{4/(9)} 1. d4 d5 2. e3 Bf5 3. c4 c6 4. Nf3 Nd7 5. Nc3 Ngf6 6. Qb3 Qb6 7. Qxb6
Nxb6 8. cxd5 Nbxd5 9. Bc4 e6 10. Bd2 Nb4 11. O-O Bd6 12. a3 Nbd5 13. Rfe1 Nxc3
14. Bxc3 Ne4 15. Nd2 O-O-O 16. Nxe4 Bxe4 17. f3 Bg6 18. e4 Bc7 19. Rad1 Bb6 20.
Re3 e5 21. Red3 exd4 22. Bxd4 Bxd4+ 23. Rxd4 Rxd4 24. Rxd4 Rd8 25. Rxd8+ Kxd8
26. Kf2 Ke7 27. Ke3 Kd6 28. b4 b5 1/2-1/2

[Event "Detroit (MOR/6/43)"]
[Site "?"]
[Date "1994.??.??"]
[Round "?"]
[White "Boyle, John"]
[Black "Mitchell, Dave"]
[Result "1-0"]
[WhiteElo "1605"]
[BlackElo "1605"]
[PlyCount "61"]
[EventDate "1994.??.??"]

{6/(43)} 1. d4 Nf6 2. e3 d5 3. Bd3 Bg4 4. Nf3 e6 5. c4 c6 6. O-O Nbd7 7. Nc3
Bd6 8. Bd2 O-O 9. cxd5 Nxd5 10. Nxd5 cxd5 11. Rc1 Rc8 12. h3 Bh5 13. g4 Bg6 14.
Bxg6 fxg6 15. Kg2 Nf6 16. Ng5 Qe7 17. f4 h6 18. Nf3 Ne4 19. Ne5 Qh4 20. Be1 Qf6
21. Nd7 Qf7 22. Nxf8 Rxf8 23. Bg3 Nxg3 24. Kxg3 Qe8 25. Qb3 Rf7 26. Qd3 g5 27.
Qg6 Qf8 28. Qxe6 gxf4+ 29. exf4 Bxf4+ 30. Rxf4 Kh7 31. Rxf7 1-0

[Event "Detroit (Class C/4/1)"]
[Site "?"]
[Date "1994.??.??"]
[Round "?"]
[White "Boyle, John"]
[Black "Hooks, Jerry"]
[Result "1-0"]
[WhiteElo "1605"]
[BlackElo "1605"]
[PlyCount "93"]
[EventDate "1994.??.??"]

{4/(1)} 1. d4 Nf6 2. e3 e6 3. Bd3 d5 4. Nd2 Nc6 5. f4 Nb4 6. Be2 g6 7. c3 Nc6
8. Bd3 Bg7 9. Ngf3 Bd7 10. O-O O-O 11. Ne5 Nxe5 12. fxe5 Ne8 13. e4 f6 14. exf6
Rxf6 15. Rxf6 Qxf6 16. e5 Qf7 17. Qg4 c6 18. Nf3 Nc7 19. Qh4 Rf8 20. Ng5 Qf2+
21. Qxf2 Rxf2 22. Kxf2 h6 23. Nf3 g5 24. h4 gxh4 25. Nxh4 Ne8 26. Be3 Bf8 27.
Ng6 Bg7 28. Rh1 Nc7 29. Bxh6 Ne8 30. Bxg7 Nxg7 31. Rh8+ Kf7 32. Rh7 b5 33. Nf4
Kg8 34. Nh5 Nxh5 35. Rxd7 Ng7 36. Rd6 a5 37. Rxc6 b4 38. cxb4 axb4 39. Rb6 Kf7
40. Rxb4 Ne8 41. Rb7+ Kf8 42. a4 Ng7 43. a5 Ne8 44. a6 Ng7 45. a7 Ne8 46. a8=R
Kg8 47. Rxe8# 1-0

[Event "Detroit (WCO/2/9)"]
[Site "?"]
[Date "1994.??.??"]
[Round "?"]
[White "Boyle, John"]
[Black "Heim, E."]
[Result "1-0"]
[WhiteElo "1605"]
[BlackElo "1605"]
[PlyCount "41"]
[EventDate "1994.??.??"]

{2/(9)} 1. d4 Nf6 2. e3 e6 3. Bd3 d5 4. Nd2 Nc6 5. f4 Bb4 6. c3 Ba5 7. Ngf3 Ng4
8. Qe2 Qe7 9. O-O Bb6 10. Ne5 Nxd4 11. exd4 f5 12. Nxg4 fxg4 13. Qxg4 e5 14.
Qh5+ g6 15. Bxg6+ Kd8 16. fxe5 c5 17. Rf7 Qe6 18. Qg5+ Ke8 19. Rxh7+ Kf8 20.
Qh6+ Kg8 21. Qg7# 1-0

[Event "Eastpointe (MI Action/2/15)"]
[Site "?"]
[Date "1994.??.??"]
[Round "?"]
[White "Boyle, John"]
[Black "Hayes, B."]
[Result "1-0"]
[WhiteElo "1605"]
[BlackElo "1605"]
[PlyCount "45"]
[EventDate "1994.??.??"]

{2/(15)} 1. d4 d5 2. e3 e6 3. Bd3 Nc6 4. f4 Nf6 5. c3 b6 6. Nd2 Bd6 7. Ngf3 g6
8. O-O Qd7 9. Ne5 Bxe5 10. fxe5 Nh5 11. e4 dxe4 12. Nxe4 a5 13. g4 Ng7 14. Nf6+
Ke7 15. Nxd7 Bxd7 16. Qf3 f5 17. exf6+ Kd8 18. fxg7 Rg8 19. Qf8+ Be8 20. Bg5+
Kd7 21. Qxg8 Rd8 22. Bc4 h6 23. Qxe6# 1-0

[Event "Eastpointe (MI Action/5/12)"]
[Site "?"]
[Date "1994.??.??"]
[Round "?"]
[White "Boyle, John"]
[Black "Grams, Paul"]
[Result "0-1"]
[WhiteElo "1605"]
[BlackElo "1815"]
[PlyCount "58"]
[EventDate "1994.??.??"]

{5/(12)} 1. d4 Nf6 2. e3 g6 3. Bd3 Bg7 4. f4 d5 5. Nd2 O-O 6. Ngf3 c5 7. c3
cxd4 8. exd4 Qc7 9. Ne5 Nbd7 10. O-O Nb6 11. Qe1 Ng4 12. Qg3 Nh6 13. h3 f6 14.
Ng4 Nf5 15. Qf2 Bd7 16. Re1 Rae8 17. Ne3 Nxe3 18. Rxe3 e5 19. fxe5 fxe5 20. Qg3
Qd6 21. Nf3 Nc4 22. Bxc4 dxc4 23. dxe5 Qb6 24. Nd4 Bh6 25. Re2 Bg7 26. Kh2 Rf1
27. Qe3 Bxe5+ 28. g3 Bc6 29. Qd2 Rh1# 0-1

[Event "Detroit (MOR/4/51)"]
[Site "?"]
[Date "1994.??.??"]
[Round "?"]
[White "Boyle, John"]
[Black "Fuson, R."]
[Result "1-0"]
[WhiteElo "1605"]
[BlackElo "1605"]
[PlyCount "97"]
[EventDate "1994.??.??"]

{4/(51)} 1. d4 d5 2. e3 e6 3. Bd3 Nf6 4. Nd2 c5 5. c3 c4 6. Bc2 Nc6 7. f4 Be7
8. Ngf3 Qc7 9. O-O b5 10. Ne5 Bd6 11. Qf3 Bb7 12. Qg3 g6 13. Qh4 O-O-O 14. Qxf6
Rhf8 15. Qh4 f5 16. Ndf3 Nxe5 17. Nxe5 b4 18. Bd2 a5 19. Qe1 Qb6 20. Qh4 Qc7
21. Qe1 Qb6 22. Rb1 Bxe5 23. fxe5 bxc3 24. Bxc3 Qc7 25. Bxa5 Qg7 26. Bxd8 Rxd8
27. b3 g5 28. bxc4 dxc4 29. Qb4 Qc7 30. Rfc1 Qc6 31. Qxb7+ Qxb7 32. Rxb7 Kxb7
33. Ba4 Kb6 34. Rxc4 Ka5 35. Bb3 Kb5 36. a4+ Ka5 37. Rc5+ Kb4 38. Bxe6 f4 39.
Kf2 fxe3+ 40. Kxe3 Kxa4 41. Bf5 h5 42. e6 Kb4 43. e7 Re8 44. Rc7 Rxe7+ 45. Rxe7
Kc4 46. Rd7 g4 47. h3 g3 48. h4 Kc3 49. Rc7+ 1-0

[Event "Eastpointe (US Am N/2/41)"]
[Site "?"]
[Date "1994.??.??"]
[Round "?"]
[White "Boyle, John"]
[Black "Fleshman, Justin"]
[Result "1-0"]
[WhiteElo "1605"]
[BlackElo "1605"]
[PlyCount "113"]
[EventDate "1994.??.??"]

{2/(41)} 1. d4 d5 2. e3 Bf5 3. c4 e6 4. Nf3 Nf6 5. Nc3 Nc6 6. Qa4 Bb4 7. Ne5
Bxc3+ 8. bxc3 O-O 9. Nxc6 bxc6 10. Qxc6 Ne4 11. cxd5 Qxd5 12. Qxd5 exd5 13. Bd3
Rab8 14. Ba3 Rfe8 15. O-O g6 16. c4 dxc4 17. Bxc4 Nd2 18. Rfc1 Nxc4 19. Rxc4
Rb1+ 20. Rxb1 Bxb1 21. Rxc7 Rb8 22. Rxa7 Bxa2 23. h3 f5 24. f3 h5 25. e4 fxe4
26. fxe4 g5 27. d5 g4 28. hxg4 hxg4 29. d6 g3 30. Kf1 Bc4+ 31. Ke1 Rb1+ 32. Kd2
Be6 33. d7 Bxd7 34. Rxd7 Ra1 35. Bd6 Ra2+ 36. Ke3 Rxg2 37. Kf3 Rh2 38. Bxg3 Rh7
39. Rxh7 Kxh7 40. e5 Kg7 41. Kf4 Kf7 42. Kf5 Ke7 43. e6 Kd8 44. Kf6 Ke8 45. e7
Kd7 46. Kf7 Kc6 47. e8=Q+ Kd5 48. Qe7 Kd4 49. Qe5+ Kc4 50. Qd6 Kc3 51. Qd5 Kb4
52. Qc6 Kb3 53. Qc5 Kb2 54. Be5+ Kb1 55. Qf2 Kc1 56. Qe2 Kb1 57. Qb2# 1-0

[Event "Eastpointe (US Am N/4/26)"]
[Site "?"]
[Date "1994.??.??"]
[Round "?"]
[White "Boyle, John"]
[Black "Collins, Charles"]
[Result "1-0"]
[WhiteElo "1605"]
[BlackElo "1710"]
[PlyCount "61"]
[EventDate "1994.??.??"]

{4/(26)} 1. d4 Nf6 2. e3 g6 3. Bd3 Bg7 4. f4 d6 5. Nf3 Nbd7 6. O-O c5 7. c3 a6
8. Nbd2 b5 9. Ng5 h6 10. Qf3 d5 11. Nh3 O-O 12. g4 c4 13. Bc2 Nb6 14. g5 Bxh3
15. Qxh3 hxg5 16. fxg5 Nh5 17. Bd1 e5 18. Bxh5 Qxg5+ 19. Kh1 Qxh5 20. Qxh5 gxh5
21. Rf5 e4 22. Rxh5 f5 23. Nf1 Rf6 24. Ng3 Raf8 25. Bd2 Nc8 26. Rg5 Ne7 27. Rg1
Kh7 28. Nh5 Rg6 29. Nxg7 Rxg5 30. Rxg5 Rg8 31. Ne6 1-0

[Event "Detroit (MOR/2/21)"]
[Site "?"]
[Date "1994.??.??"]
[Round "?"]
[White "Boyle, John"]
[Black "Bostic, Donald"]
[Result "0-1"]
[WhiteElo "1605"]
[BlackElo "1690"]
[PlyCount "74"]
[EventDate "1994.??.??"]

{2/(21)} 1. d4 Nf6 2. e3 e6 3. Bd3 b6 4. f4 Bb7 5. Nf3 c5 6. c3 Nc6 7. O-O Be7
8. Nbd2 h6 9. Ne5 d6 10. Nxc6 Bxc6 11. Nf3 O-O 12. Bd2 Rc8 13. b4 Ne4 14. Qc2
f5 15. bxc5 bxc5 16. Rab1 Qd7 17. Ba6 Rb8 18. Rxb8 Rxb8 19. Rb1 Rxb1+ 20. Qxb1
Qe8 21. Be1 Kh7 22. c4 Qa8 23. Bb5 Qb7 24. Qd3 a6 25. Bxc6 Qxc6 26. Qb3 Bf6 27.
a4 g5 28. a5 Bd8 29. Qb8 Qc7 30. Qa8 g4 31. Qxa6 gxf3 32. Qa8 f2+ 33. Bxf2 Nxf2
34. Kxf2 Qxa5 35. Qc8 cxd4 36. Qxe6 dxe3+ 37. Kxe3 Qe1+ 0-1